Регионална библиотека "Любен Каравелов" - Русе

Човекът в черно (Запис номер 441941)

MARC детайли
000 -Лидер
Контролно поле с фиксирана дължина nam a22 a 4500
003 - Код на организацията, давaща контролен номер
Контролно поле BLK
005 - Дата и час на последна редакция
Контролно поле 20220107103234.0
008 - Елементи от данни с фиксирана дължина
fixed length control field 220107b bul|||||r ||||||| ||bul||
010 ## - Наследен системен номер
LC control number KNG00221311RET
040 ## - Източник на каталожния запис
Идентификатор на билиотеката - собственик на записа BLK
041 ## - Код за език
Код за езика на текст/звукозапис или на отделно заглавие Български
Код за езика КДБФ Български
080 ## - УДК
Текстов определител УДК Френска литература
УДК код - определител по УДК 821.133.1
УДК определител -31
УДК - код + определител 821.133.1-31
100 1# - Редна дума - Автор
Автор Кесел, Патрик
Авторска отговорност първи автор
R(LIN) 78431
139 ## - Редно поле
Редна дума Кесел, Патрик
245 10 - Сведения за заглавието
Заглавие Човекът в черно
Подзаглавни данни Роман
Редно поле (дума) Патрик Кесел; Предг. Ев. Евнина; Прев. от фр. Надежда Станева.
257 ## - Страна на издаване
Страна на създаване/издаване България
260 ## - Област на издателските данни
Място на издаване, разпространение и проч. София
Име на издателя, разпространителя и проч. НС ОФ
Година на издаване 1962
300 ## - Физическа характеристика
Страници 276 с.
Размери/Мащаб 20 см
380 ## - Жанр
Жанр Худож. лит.
700 1# - Други автори (авторска отговорност)
Лично име Евнина, Е. М.
Автороска отговорност (Описва отношението между автора и произведението) предг.
9 (RLIN) 66528
700 ## - Други автори (авторска отговорност)
Лично име Станева, Надежда
Автороска отговорност (Описва отношението между автора и произведението) прев. от фр.
9 (RLIN) 364532
852 ## - Местоположение
Форматна сигнатура Цб 22944
Фондова буква Хранилище
856 4# - Електронен адрес и достъп
Електронен формат pdf - файл
Път до файла /url/
856 4# - Електронен адрес и достъп
Електронен формат pdf - файл
Път до файла /url/
999 ## - СИСТЕМНИ КОНТРОЛНИ НОМЕРА
Koha biblionumber 441941
Koha biblioitemnumber 441941
942 ## - АРТИКУЛИ
Вид на библиотечния материал Книги
Скрит в OPAC Не
Източник на класификационната схема Universal Decimal Classification
Периодичен библиозапис Да
944 ## - СЪЗДАВАНЕ И РЕДАКЦИЯ на ЗАПИСА
Създаване/Редакция Създаване
Дата на регистрацията/редакция 2022-01-07
Служител, извършил регистрацията/редакцията А.М.
Наличности
Код за отписване Код за изгубен артикул Източник на класификационната схема Код за повреда Коз за рестрикции Код за отдаване Артикулен № Име на библиотеката - собственик Име на библиотеката, в която се намира в момента Статус (Текущо местоположение) Дата на вписване в системата Местоположение - отдел Цена в лева Инвентарен номер Систематично азбучна сигнатура Баркод Цена в евро Служебен тип на артикула
  Не е изгубен Universal Decimal Classification Не е повреден само за читалня ползва се в читалня 868148 Регионална библиотека "Любен Каравелов" Русе Регионална библиотека "Любен Каравелов" Русе Хранилище 2022-01-14 Хранилище 1.00 10760/62 Цб 22944 900000088821 0.51 Книги
Vip Innovations Ltd, Rousse, Bulgaria 2025